| 000 | 00501nam a22001457a 4500 | ||
|---|---|---|---|
| 082 | _aP671 | ||
| 100 |
_aShahab Ali khan PC syn#17 _950961 |
||
| 245 |
_aTo study and analyze project of 100 BOQs at MCE risalpur using modern construction management tool PRIMA Vers P6 _bProject |
||
| 260 |
_aRisalpur, _bMCE, _c2016. |
||
| 300 |
_a135p. _bill. _c26cm. |
||
| 526 |
_a0 _b0 _c0 _dP_671_000000000000000 |
||
| 526 |
_a0 _b0 _c0 _dP_671_000000000000000 |
||
| 700 |
_aLt Col Mughees Asalm _950962 |
||
| 942 |
_2ddc _cBK |
||
| 999 |
_c553709 _d553709 |
||